| 000 | 02480cam a22005414i 4500 | ||
|---|---|---|---|
| 003 | PE-LiUPU | ||
| 005 | 20250731173420.0 | ||
| 008 | 150706s r 000 0 d | ||
| 020 | _a9781599794310 | ||
| 035 | _a(Sirsi) i9781599794310 | ||
| 040 |
_aPE-LiUPU _bspa _cPE-LiUPU _erda |
||
| 049 | _aPRUA | ||
| 082 | 0 | 4 |
_a261.836 _bC26 _221 |
| 100 | 1 |
_aCarroll Rodas, M. Daniel , _eautor. |
|
| 245 | 1 | 0 |
_aCristianos en la frontera : _bLa inmigración, la iglesia y la biblia / _cM. Daniel Carroll R; prólogo de Samuel Rodríguez; epílogo de Ronald J. Sider. |
| 264 | 1 |
_aMichigan : _bCasa Creación, _c2009. |
|
| 300 |
_a172 páginas ; _c22 cm. |
||
| 336 |
_atext _2rdacontent |
||
| 337 |
_aunmediated _2rdamedia |
||
| 338 |
_avolume _2rdacarrier |
||
| 500 | _aSubtítulo tomado de la cubierta. | ||
| 505 | 0 | _aInmigración hispana: ¿invasión u oportunidad? -- De inmigrantes, refugiados y exiliados: Guía del Antiguo Testamento -- La ley y el residente temporal o peregrino: guía del Antiguo Testamento -- Bienvenida al extranjero: guía del Nuevo Testamento -- ¿A dónde vamos? -- Pensamientos finales. | |
| 526 | _aSEG42 | ||
| 526 | _aSEG41 | ||
| 526 | _aSEG40 | ||
| 526 | _aSEG39 | ||
| 526 | _aP94 | ||
| 526 | _aP87 | ||
| 526 | _aP86 | ||
| 526 | _aP85 | ||
| 526 | _aP77 | ||
| 526 | _aP76 | ||
| 526 | _aP35 | ||
| 541 | _g001-0000588; | ||
| 541 | _g001-0000595; | ||
| 650 | 0 | 4 | _aEmigración e inmigración en la Biblia. |
| 650 | 0 | 4 |
_aEmigración e inmigración _xCristianismo. |
| 700 | 1 |
_aSaéz, Luis Nahúm, _etr. |
|
| 700 | 1 |
_aRofríguez, Samuel, _eprol. |
|
| 910 |
_agl _bjv _clch _d20120618 |
||
| 942 |
_2ddc _cBOOK |
||
| 949 |
_a261.836 C26 _wDEWEY _c1 _i64930 _lCCODEBUL1 _mBUL _p12.00 _r0 _sY _tBOOK _u2015-7-6 _xTEOLOGIA _PP35 _o.STAFF. Colección General |
||
| 949 |
_a261.836 C26 _wDEWEY _c2 _i65457 _lCCODEBUL1 _mBUL _p24.00 _r0 _sY _tBOOK _u2015-7-6 _xTEOLOGIA _PP35 _o.STAFF. Colección General |
||
| 994 |
_aC0 _bPEPRU |
||
| 596 | _a1 | ||
| 999 |
_a261.836 C26 _wDEWEY _c53638 _i64930 _f2021-11-10 _g5 _lCCODEBUL1 _mBUL _p12.00 _r0 _sY _tBOOK _u2015-7-6 _xTEOLOGIA _PP35 _0COMPRA _o.STAFF. Colección General _d53638 |
||
| 999 |
_a261.836 C26 _wDEWEY _c2 _i65457 _f2021-11-10 _g5 _lCCODEBUL1 _mBUL _p24.00 _r0 _sY _tBOOK _u2015-7-6 _xTEOLOGIA _PP35 _0COMPRA _o.STAFF. Colección General |
||
| 980 |
_81 _gALBERTO SANCHEZ Responsable de Automatización |
||